Countries with No UNESCO World Heritage Sites - Statistics

General Stats
  • This quiz has been taken 70 times
    48 since last reset
  • The average score is 15 of 26
Answer Stats
Answer % Correct
Liechtenstein
86%
Monaco
77%
Tuvalu
77%
Eswatini
74%
Saint Vincent and the Grenadines
74%
Comoros
70%
Grenada
70%
Burundi
65%
Samoa
65%
São Tome and Príncipe
65%
Tonga
63%
Djibouti
60%
Trinidad and Tobago
60%
The Bahamas
58%
Maldives
53%
Brunei
51%
East Timor
51%
South Sudan
51%
Guinea-Bissau
49%
Guyana
49%
Kuwait
47%
Somalia
42%
Sierra Leone
40%
Liberia
37%
Bhutan
35%
Equatorial Guinea
35%
No matching quizzes found
Score Distribution
Percent of People with Each Score
Percentile by Number Answered
Your Score History
You have not taken this quiz since the last reset